[Event "DEM U14 2013"]
[Site "Oberhof GER"]
[Date "2013.05.23"]
[Round "7"]
[White "Scheinhütte, Jakob"]
[Black "Schröder, Kevin"]
[Result "0-1"]
[Termination "normal"]
[Board "14"]
[WhiteElo "1722"]
[BlackElo "2046"]
[PlyCount "76"]
[WhiteFideId "24693944"]
[BlackFideId "12929840"]
[EventCountry "GER"]
[EventRounds "9"]
[EventType "swiss"]
[EventDate "2013.05.18"]

1. e4 c5 2. Nf3 d6 3. c3 Nf6 4. h3 Bd7 5. Bd3 g6 6. O-O Bg7 7. Bc2 O-O 8. d4
Qc7 9. Be3 Na6 10. Nbd2 Rac8 11. Rc1 e5 12. a3 b5 13. Re1 Rfd8 14. Nf1 Bc6 15.
d5 Be8 16. N3h2 Nd7 17. Qf3 f6 18. Ng4 h5 19. Ngh2 Nb6 20. b3 b4 21. cxb4 cxb4
22. a4 Nc5 23. g4 hxg4 24. hxg4 Qe7 25. Ng3 Bf7 26. Bd2 a5 27. Nhf1 Qb7 28. Ne3
Qa6 29. Qe2 Qxe2 30. Nxe2 Rc7 31. Ng3 Rdc8 32. Kg2 Bh6 33. Ngf1 Be8 34. f3 Bd7
35. Red1 Nbxa4 36. bxa4 b3 37. Bb1 b2 38. Rc4 Bxa4 0-1

[Event "DEM U14 2013"]
[Site "Oberhof GER"]
[Date "2013.05.23"]
[Round "7"]
[White "Mager, Denis"]
[Black "Spitzl, Vinzent"]
[Result "1-0"]
[Termination "normal"]
[Board "15"]
[WhiteElo "2006"]
[BlackElo "1806"]
[PlyCount "81"]
[WhiteFideId "24691127"]
[BlackFideId "12901253"]
[EventCountry "GER"]
[EventRounds "9"]
[EventType "swiss"]
[EventDate "2013.05.18"]

1. d4 d5 2. Nf3 e6 3. e3 Be7 4. Bd3 Nf6 5. b3 O-O 6. Bb2 b6 7. O-O Bb7 8. Nbd2
c5 9. Ne5 Nc6 10. a3 cxd4 11. exd4 Qc7 12. Qf3 Rfe8 13. Qh3 h6 14. f4 Bf8 15.
Rae1 g6 16. g4 Nxe5 17. fxe5 Nh7 18. Nf3 Bg7 19. Bc1 Qe7 20. Bxh6 Qxa3 21. Bxg7
Kxg7 22. g5 Qe7 23. Qg3 Rh8 24. h4 Nf8 25. Nh2 Nd7 26. Rf4 Rag8 27. Ng4 Kf8 28.
Ref1 Rh7 29. Nh6 Rgg7 30. Bxg6 Rxg6 31. Rxf7+ Rxf7 32. Rxf7+ Qxf7 33. Nxf7 Kxf7
34. h5 Rg8 35. g6+ Kg7 36. Qg5 Re8 37. h6+ Kh8 38. Qf4 Re7 39. g7+ Kg8 40. Qg5
Nf8 41. Qxe7 1-0

[Event "DEM U14 2013"]
[Site "Oberhof GER"]
[Date "2013.05.23"]
[Round "7"]
[White "Lagunow, Raphael"]
[Black "Goderbauer, Benedikt"]
[Result "1-0"]
[Termination "normal"]
[Board "16"]
[WhiteElo "1940"]
[BlackElo "1738"]
[PlyCount "81"]
[WhiteFideId "24652644"]
[BlackFideId "12967467"]
[EventCountry "GER"]
[EventRounds "9"]
[EventType "swiss"]
[EventDate "2013.05.18"]

1. Nf3 f5 2. d4 Nf6 3. g3 g6 4. Bg2 Bg7 5. O-O O-O 6. c4 d6 7. Nc3 c6 8. d5 Qe8
9. Qb3 Na6 10. Be3 Ng4 11. Bd4 f4 12. Bxg7 Kxg7 13. Ne4 Nf6 14. Nfd2 cxd5 15.
cxd5 b6 16. Rac1 Nc5 17. Nxc5 bxc5 18. gxf4 Ba6 19. Rfe1 Qf7 20. Rcd1 Rfb8 21.
Qc3 Kg8 22. Nb1 Rb4 23. e3 Rab8 24. b3 c4 25. Rd4 R4b6 26. Nd2 cxb3 27. Nxb3
Bb7 28. Red1 Rc8 29. Qa5 Ra6 30. Qd2 Rb6 31. Bh3 Qe8 32. Be6+ Kh8 33. Bxc8 Qxc8
34. f3 Qh3 35. Qg2 Qh5 36. e4 Bc8 37. Rc1 Bh3 38. Qg3 Ra6 39. Rc2 Ra3 40. Rd3
a5 41. Qg5 1-0

[Event "DEM U14 2013"]
[Site "Oberhof GER"]
[Date "2013.05.23"]
[Round "7"]
[White "Balazs, Balint"]
[Black "Rinck, Michael"]
[Result "1-0"]
[Termination "normal"]
[Board "17"]
[WhiteElo "1857"]
[BlackElo "1820"]
[PlyCount "91"]
[WhiteFideId "12922757"]
[BlackFideId "24690104"]
[EventCountry "GER"]
[EventRounds "9"]
[EventType "swiss"]
[EventDate "2013.05.18"]

1. e4 e6 2. d4 d5 3. Nd2 dxe4 4. Nxe4 Bd7 5. Nf3 Bc6 6. Bd3 Nd7 7. Bf4 Ngf6 8.
Nc3 Be7 9. Qd2 a6 10. O-O-O b5 11. Ne5 Bb7 12. f3 O-O 13. Ne4 Nxe4 14. fxe4
Nxe5 15. Bxe5 c5 16. dxc5 Bxc5 17. Kb1 Bd4 18. Qf4 Bxe5 19. Qxe5 Qe7 20. Rd2
Rac8 21. Rhd1 Rfd8 22. Rf2 f6 23. Qg3 Bxe4 24. Rfd2 Bxd3 25. Rxd3 Rxd3 26. Qxd3
Qc7 27. Qe2 e5 28. Qd2 Qc6 29. Ka1 h6 30. c3 e4 31. Re1 Re8 32. Qd4 f5 33. g3
e3 34. a3 e2 35. Qd3 Qe6 36. Kb1 g5 37. Kc2 Re7 38. b3 f4 39. gxf4 gxf4 40.
Rg1+ Rg7 41. Qd8+ Kh7 42. Qd3+ Kh8 43. Re1 Re7 44. Qd8+ Re8 45. Qd4+ Qe5 46.
Rxe2 1-0

[Event "DEM U14 2013"]
[Site "Oberhof GER"]
[Date "2013.05.23"]
[Round "7"]
[White "Berezhnoy, Alex"]
[Black "Killgus, Leonard"]
[Result "1-0"]
[Termination "normal"]
[Board "18"]
[WhiteElo "1719"]
[BlackElo "1662"]
[PlyCount "51"]
[WhiteFideId "12918997"]
[BlackFideId "12922021"]
[EventCountry "GER"]
[EventRounds "9"]
[EventType "swiss"]
[EventDate "2013.05.18"]

1. e4 e5 2. Nf3 Nc6 3. Bb5 Bc5 4. c3 f5 5. d3 Nf6 6. Nbd2 Qe7 7. O-O a6 8. Ba4
O-O 9. exf5 Ba7 10. Bb3+ Kh8 11. Ne4 d6 12. Bg5 Bxf5 13. Nxf6 gxf6 14. Bh6 Rfe8
15. Nh4 Be6 16. Qh5 Rg8 17. Bxe6 Qxe6 18. h3 Ne7 19. Kh2 Ng6 20. f4 Nxh4 21.
Qxh4 exf4 22. Rxf4 Rg6 23. d4 Qe2 24. Rg4 Qc2 25. Rf1 Rag8 26. Rxg6 1-0

[Event "DEM U14 2013"]
[Site "Oberhof GER"]
[Date "2013.05.23"]
[Round "7"]
[White "Lai Hop, Long"]
[Black "Schmidt, Daniel"]
[Result "1/2-1/2"]
[Termination "normal"]
[Board "19"]
[WhiteElo "1659"]
[BlackElo "1731"]
[PlyCount "52"]
[WhiteFideId "12942707"]
[BlackFideId "12931349"]
[EventCountry "GER"]
[EventRounds "9"]
[EventType "swiss"]
[EventDate "2013.05.18"]

1. e4 e5 2. Nf3 Nc6 3. Bb5 a6 4. Ba4 Nf6 5. O-O b5 6. Bb3 Bc5 7. d3 O-O 8. c3
d5 9. exd5 Nxd5 10. Re1 Bg4 11. a4 b4 12. Bc2 Kh8 13. h3 Bh5 14. a5 f5 15. c4
Nf6 16. Nbd2 Nd4 17. Rxe5 Bd6 18. Re1 Re8 19. Rxe8+ Qxe8 20. c5 Bxc5 21. Ba4
Qg6 22. Ne5 Bxd1 23. Nxg6+ hxg6 24. Bxd1 Rd8 25. Nc4 b3 26. Be3 Kh7 1/2-1/2

[Event "DEM U14 2013"]
[Site "Oberhof GER"]
[Date "2013.05.23"]
[Round "7"]
[White "Gröbel, Aaron"]
[Black "Karsay, Pascal"]
[Result "0-1"]
[Termination "normal"]
[Board "20"]
[WhiteElo "1720"]
[BlackElo "1693"]
[PlyCount "82"]
[WhiteFideId "12914851"]
[BlackFideId "12953474"]
[EventCountry "GER"]
[EventRounds "9"]
[EventType "swiss"]
[EventDate "2013.05.18"]

1. e4 e5 2. Nf3 Nf6 3. Nxe5 d6 4. Nf3 Nxe4 5. d4 d5 6. Bd3 Bg4 7. h3 Bh5 8. c4
Bb4+ 9. Bd2 Nxd2 10. Nbxd2 Bxd2+ 11. Qxd2 Bxf3 12. gxf3 Qe7+ 13. Qe3 dxc4 14.
Bxc4 Nc6 15. Bb5 O-O-O 16. Bxc6 Qb4+ 17. Qc3 Qxc3+ 18. bxc3 bxc6 19. O-O-O Rhe8
20. Rhe1 Rxe1 21. Rxe1 c5 22. dxc5 Rd3 23. Re3 Rxe3 24. fxe3 Kd7 25. Kd2 Kc6
26. Kd3 Kxc5 27. e4 g5 28. c4 f6 29. a3 a5 30. Kc3 a4 31. Kd3 Kd6 32. c5+ Kxc5
33. Kc3 Kb5 34. Kd4 c5+ 35. Kd5 c4 36. Ke6 c3 37. Kxf6 c2 38. e5 c1=Q 39. e6
Kc6 40. Kf7 Kd6 41. e7 Qc7 0-1

[Event "DEM U14 2013"]
[Site "Oberhof GER"]
[Date "2013.05.23"]
[Round "7"]
[White "Ronge, Tim"]
[Black "Cegielka, Michael"]
[Result "0-1"]
[Termination "normal"]
[Board "21"]
[WhiteElo "1604"]
[BlackElo "1597"]
[PlyCount "120"]
[WhiteFideId "12955418"]
[BlackFideId "1270507"]
[EventCountry "GER"]
[EventRounds "9"]
[EventType "swiss"]
[EventDate "2013.05.18"]

1. e4 c5 2. Nf3 Nc6 3. d4 cxd4 4. Nxd4 e5 5. Nb3 Nf6 6. Bd3 d5 7. exd5 Qxd5 8.
O-O Be7 9. Nc3 Qd8 10. Bg5 O-O 11. h3 Be6 12. Qe2 Nd5 13. Bxe7 Qxe7 14. Nxd5
Bxd5 15. f4 e4 16. Bc4 Bxc4 17. Qxc4 Qb4 18. Qc5 Rfe8 19. Rfe1 Rad8 20. c3 Qb6
21. Qxb6 axb6 22. Kf2 f5 23. Rad1 Kf7 24. Ke3 Ke6 25. Nd4+ Nxd4 26. cxd4 Kd5
27. Rc1 Rc8 28. g4 g6 29. g5 Rc6 30. Rc3 Rxc3+ 31. bxc3 Ra8 32. Re2 Ra3 33. Rc2
Kc4 34. Kd2 b5 35. h4 b6 36. Ke2 b4 37. cxb4+ Kxd4 38. Rd2+ Kc4 39. Rd7 Rxa2+
40. Ke3 Ra3+ 41. Ke2 Rf3 42. Rxh7 Rxf4 43. h5 gxh5 44. Rxh5 Kxb4 45. g6 Rg4 46.
Rxf5 Rxg6 47. Ke3 Re6 48. Rf8 b5 49. Ra8 Kb3 50. Ra5 b4 51. Rb5 Kc3 52. Rc5+
Kb2 53. Ke2 e3 54. Rb5 b3 55. Rc5 Kb1 56. Rb5 b2 57. Rb8 Rc6 58. Kd1 e2+ 59.
Kd2 e1=Q+ 60. Kxe1 Kc1 0-1

[Event "DEM U14 2013"]
[Site "Oberhof GER"]
[Date "2013.05.25"]
[Round "9"]
[White "Vogel, Roven"]
[Black "Perske, Thore"]
[Result "1/2-1/2"]
[Termination "normal"]
[Board "1"]
[WhiteElo "2065"]
[BlackElo "2158"]
[PlyCount "41"]
[WhiteFideId "12908088"]
[BlackFideId "12902195"]
[EventCountry "GER"]
[EventRounds "9"]
[EventType "swiss"]
[EventDate "2013.05.18"]

1. e4 e6 2. d4 d5 3. Nc3 Nf6 4. e5 Nfd7 5. Nce2 c5 6. c3 Nc6 7. Nf3 Qb6 8. g3
f6 9. Bh3 cxd4 10. cxd4 Bb4+ 11. Kf1 fxe5 12. Bxe6 e4 13. Ng5 Nf6 14. Bxc8 Rxc8
15. Be3 O-O 16. Kg2 Na5 17. Nf4 Nc4 18. Qb3 h6 19. Ngh3 Ba5 20. Rhc1 Qxb3 21.
axb3 1/2-1/2

[Event "DEM U14 2013"]
[Site "Oberhof GER"]
[Date "2013.05.25"]
[Round "9"]
[White "Sawlin, Leonid"]
[Black "Kololli, Martin"]
[Result "0-1"]
[Termination "normal"]
[Board "2"]
[WhiteElo "1952"]
[BlackElo "1816"]
[PlyCount "84"]
[WhiteFideId "4689542"]
[BlackFideId "12936910"]
[EventCountry "GER"]
[EventRounds "9"]
[EventType "swiss"]
[EventDate "2013.05.18"]

1. e4 e5 2. Nf3 Nc6 3. d4 exd4 4. Nxd4 Qf6 5. Nxc6 Bc5 6. Qe2 dxc6 7. Nc3 Ne7
8. Be3 Bb4 9. Bd2 Be6 10. g3 O-O-O 11. Bg2 Qd4 12. O-O-O Kb8 13. a3 Bc4 14. Qe3
Qxe3 15. Bxe3 Bxc3 16. bxc3 Rxd1+ 17. Rxd1 Be6 18. f4 Nc8 19. f5 Bc4 20. Bf4
Nb6 21. Rd4 Re8 22. h4 f6 23. g4 Kc8 24. g5 c5 25. Rd1 Nd7 26. h5 Be2 27. Rh1
fxg5 28. Bxg5 h6 29. Bf4 Nf6 30. Kd2 Nxh5 31. Be3 Bg4 32. Bxc5 Nf4 33. Rh4 h5
34. Bf3 Bxf3 35. Rxf4 Bxe4 36. Bd4 g5 37. fxg6 Bxg6 38. a4 Kd7 39. a5 a6 40.
Rf6 Re6 41. Rf8 Rd6 42. Rf4 c5 0-1

[Event "DEM U14 2013"]
[Site "Oberhof GER"]
[Date "2013.05.25"]
[Round "9"]
[White "Höglauer, Patrick"]
[Black "Kololli, Kevin"]
[Result "1/2-1/2"]
[Termination "normal"]
[Board "3"]
[WhiteElo "1928"]
[BlackElo "1827"]
[PlyCount "86"]
[WhiteFideId "1270548"]
[BlackFideId "12936863"]
[EventCountry "GER"]
[EventRounds "9"]
[EventType "swiss"]
[EventDate "2013.05.18"]

1. e4 c5 2. Nf3 Nc6 3. Bb5 g6 4. Bxc6 bxc6 5. O-O Bg7 6. c3 Nf6 7. Re1 O-O 8.
d4 cxd4 9. cxd4 d5 10. e5 Nd7 11. Nc3 Nb6 12. b3 Bf5 13. Ba3 Re8 14. Nh4 Be6
15. f4 Qc8 16. Qd2 h5 17. Rac1 Bd7 18. Bc5 e6 19. a4 Qd8 20. Nf3 Bf8 21. a5
Bxc5 22. dxc5 Nc8 23. b4 Ne7 24. Nd4 Bc8 25. Qd3 Rb8 26. Rb1 Qc7 27. Rb2 Nf5
28. Nce2 a6 29. h3 Kf8 30. Nf3 Ke7 31. Ned4 Bb7 32. Ng5 Rh8 33. Kf2 Rbg8 34. g3
Qd7 35. Ke2 Kd8 36. Kd1 Kc7 37. Kc1 Kb8 38. Kb1 Ka7 39. Ka1 Ba8 40. Reb1 Rb8
41. Ne4 Qc7 42. Nc3 Nxd4 43. Qxd4 Rhc8 1/2-1/2

[Event "DEM U14 2013"]
[Site "Oberhof GER"]
[Date "2013.05.25"]
[Round "9"]
[White "Greßmann, Moritz"]
[Black "Rausch, Adrian"]
[Result "1/2-1/2"]
[Termination "normal"]
[Board "4"]
[WhiteElo "1883"]
[BlackElo "1750"]
[PlyCount "77"]
[WhiteFideId "24695084"]
[BlackFideId "12929069"]
[EventCountry "GER"]
[EventRounds "9"]
[EventType "swiss"]
[EventDate "2013.05.18"]

1. e4 d5 2. exd5 Qxd5 3. Nc3 Qd6 4. Nf3 Nf6 5. d4 c6 6. Be2 Bf5 7. O-O Nbd7 8.
h3 e6 9. Re1 Be7 10. Bf1 O-O-O 11. a4 Nb6 12. a5 Nbd5 13. Ne5 Rhf8 14. Nxd5
Nxd5 15. c3 f6 16. Nc4 Qd7 17. Qe2 e5 18. dxe5 Bc5 19. b4 Nxc3 20. Qb2 Bd4 21.
Be3 fxe5 22. Bxd4 exd4 23. Ne5 Qd6 24. b5 c5 25. a6 b6 26. Rac1 Nd5 27. Qxd4
Kb8 28. Qa4 Bd7 29. Bc4 Nf4 30. Rcd1 Qf6 31. Rxd7 Nxh3+ 32. Kh2 Qf4+ 33. g3
Qxf2+ 34. Kxh3 Qxe1 35. Rxd8+ Rxd8 36. Nc6+ Kc7 37. Nxd8 Qh1+ 38. Kg4 Qe4+ 39.
Kh3 1/2-1/2

[Event "DEM U14 2013"]
[Site "Oberhof GER"]
[Date "2013.05.25"]
[Round "9"]
[White "Flüchter, Gregor"]
[Black "Gretz, Denis"]
[Result "1-0"]
[Termination "normal"]
[Board "5"]
[WhiteElo "2002"]
[BlackElo "1912"]
[PlyCount "66"]
[WhiteFideId "12903396"]
[BlackFideId "12945188"]
[EventCountry "GER"]
[EventRounds "9"]
[EventType "swiss"]
[EventDate "2013.05.18"]

1. e4 c5 2. Nf3 d6 3. d4 cxd4 4. Nxd4 Nf6 5. Nc3 a6 6. Bc4 e6 7. O-O b5 8. Bb3
Be7 9. Qf3 Qb6 10. Be3 Qb7 11. Qg3 O-O 12. f3 Nbd7 13. Nd5 Ne5 14. Nxe7+ Qxe7
15. Kh1 Bb7 16. Bg5 Ng6 17. Rfe1 h6 18. Bd2 Nh5 19. Qg4 Nf6 20. Qg3 Nh5 21. Qf2
Qc7 22. a4 bxa4 23. Rxa4 Nf6 24. Qg3 Nh5 25. Qh3 Nf6 26. Ba5 Qc5 27. Bc3 Rac8
28. Ne2 Nh5 29. Raa1 e5 30. Bd2 Rc6 31. Qd7 Nhf4 32. Nxf4 Nxf4 33. g3 Nh3 1-0

[Event "DEM U14 2013"]
[Site "Oberhof GER"]
[Date "2013.05.25"]
[Round "9"]
[White "Nguyen, Huy Dat"]
[Black "Baskin, Robert"]
[Result "0-1"]
[Termination "normal"]
[Board "6"]
[WhiteElo "1814"]
[BlackElo "2157"]
[PlyCount "72"]
[WhiteFideId "12923486"]
[BlackFideId "24662402"]
[EventCountry "GER"]
[EventRounds "9"]
[EventType "swiss"]
[EventDate "2013.05.18"]

1. Nf3 Nf6 2. d4 g6 3. Nc3 d5 4. e3 Bg7 5. Bd3 Nbd7 6. Ne2 c5 7. c3 O-O 8. h4
Qc7 9. Bc2 e5 10. O-O b6 11. Ng3 Bb7 12. h5 Rfe8 13. hxg6 hxg6 14. Ng5 e4 15.
Bd2 Bf8 16. Re1 Bd6 17. Nf1 Kg7 18. f4 Rh8 19. Rc1 Rh6 20. b4 Ba6 21. Ng3 Rh4
22. Nh1 Ng4 23. Nh3 Rah8 24. N1f2 Ndf6 25. dxc5 bxc5 26. c4 Nxf2 27. Nxf2 cxb4
28. cxd5 Qe7 29. a3 Ng4 30. Nh3 f5 31. Bxb4 Rxh3 32. Bc3+ Kg8 33. gxh3 Rxh3 34.
Bf6 Rg3+ 35. Kh1 Qh7+ 36. Bh4 Qxh4# 0-1

[Event "DEM U14 2013"]
[Site "Oberhof GER"]
[Date "2013.05.25"]
[Round "9"]
[White "Urban, Konstantin"]
[Black "Schröder, Kevin"]
[Result "0-1"]
[Termination "normal"]
[Board "7"]
[WhiteElo "1819"]
[BlackElo "2046"]
[PlyCount "64"]
[WhiteFideId "12927511"]
[BlackFideId "12929840"]
[EventCountry "GER"]
[EventRounds "9"]
[EventType "swiss"]
[EventDate "2013.05.18"]

1. e4 c5 2. Nf3 d6 3. d4 cxd4 4. Nxd4 Nf6 5. Nc3 a6 6. Bg5 e6 7. f4 Qb6 8. Nb3
Nbd7 9. Qf3 Be7 10. O-O-O h6 11. Bxf6 Bxf6 12. h4 Qc7 13. Nd4 b5 14. Bxb5 Rb8
15. Bxd7+ Bxd7 16. Nce2 O-O 17. g4 Rfc8 18. c3 Qa5 19. Kb1 Bxd4 20. Rxd4 e5 21.
Rd2 Be6 22. b3 Qa3 23. Rb2 a5 24. f5 Bc4 25. Nc1 a4 26. b4 Ba6 27. Rh3 Rc4 28.
Qd3 Rbc8 29. Kc2 Rxb4 30. Rxb4 Bxd3+ 31. Nxd3 Rxc3+ 32. Kd2 Rxd3+ 0-1

[Event "DEM U14 2013"]
[Site "Oberhof GER"]
[Date "2013.05.25"]
[Round "9"]
[White "Kollars, Dmitrij"]
[Black "Ovsepyan, Arshak"]
[Result "1/2-1/2"]
[Termination "normal"]
[Board "8"]
[WhiteElo "2027"]
[BlackElo "1997"]
[PlyCount "99"]
[WhiteFideId "12909572"]
[BlackFideId "24690236"]
[EventCountry "GER"]
[EventRounds "9"]
[EventType "swiss"]
[EventDate "2013.05.18"]

1. e4 e6 2. d4 d5 3. Nd2 Be7 4. Ngf3 Nf6 5. Bd3 c5 6. dxc5 Nc6 7. O-O Bxc5 8.
Qe2 O-O 9. c3 Be7 10. e5 Nd7 11. Nb3 h6 12. Nbd4 a6 13. Bc2 Re8 14. Bf4 Nf8 15.
Rfd1 Nxd4 16. Nxd4 f5 17. c4 Ng6 18. Bg3 Bg5 19. cxd5 exd5 20. Nxf5 Bxf5 21.
Bxf5 Nxe5 22. Bxe5 Bf4 23. Qg4 Bxe5 24. Be6+ Kh8 25. Bxd5 Qf6 26. Rab1 Rf8 27.
Bf3 Rad8 28. b3 b6 29. a4 a5 30. h4 Qf4 31. Qxf4 Bxf4 32. h5 Bd2 33. Rb2 Bb4
34. Rxd8 Rxd8 35. Re2 Kg8 36. Be4 Kf7 37. Bg6+ Kf6 38. Re3 Rd6 39. Rf3+ Ke6 40.
g4 Bc5 41. Kg2 Bd4 42. Bf5+ Ke5 43. Kg3 Kd5 44. Rd3 Kc5 45. f4 b5 46. Kf3 bxa4
47. bxa4 Bf6 48. Rb3 Rb6 49. Rxb6 Kxb6 50. Ke4 1/2-1/2

[Event "DEM U14 2013"]
[Site "Oberhof GER"]
[Date "2013.05.25"]
[Round "9"]
[White "Lagunow, Raphael"]
[Black "Pallas, Sebastian"]
[Result "1/2-1/2"]
[Termination "normal"]
[Board "9"]
[WhiteElo "1940"]
[BlackElo "1897"]
[PlyCount "51"]
[WhiteFideId "24652644"]
[BlackFideId "12905453"]
[EventCountry "GER"]
[EventRounds "9"]
[EventType "swiss"]
[EventDate "2013.05.18"]

1. Nf3 Nf6 2. g3 g6 3. Bg2 d5 4. c4 Bg7 5. O-O O-O 6. cxd5 Nxd5 7. d4 Nb6 8.
Nc3 Nc6 9. d5 Na5 10. e4 c6 11. Re1 Re8 12. Bg5 Nac4 13. Qb3 Nxb2 14. Qxb2 Na4
15. Nxa4 Bxb2 16. Nxb2 cxd5 17. exd5 f6 18. Bh6 Qxd5 19. Rad1 Qb5 20. Nd3 Bg4
21. Nf4 Rad8 22. Rxd8 Rxd8 23. Rxe7 Re8 24. Rg7+ Kh8 25. h3 Qb1+ 26. Kh2
1/2-1/2

[Event "DEM U14 2013"]
[Site "Oberhof GER"]
[Date "2013.05.25"]
[Round "9"]
[White "Bergauz, Noam"]
[Black "Schmidt, Tobias"]
[Result "0-1"]
[Termination "normal"]
[Board "10"]
[WhiteElo "1900"]
[BlackElo "1924"]
[PlyCount "70"]
[WhiteFideId "12938033"]
[BlackFideId "1271683"]
[EventCountry "GER"]
[EventRounds "9"]
[EventType "swiss"]
[EventDate "2013.05.18"]

1. e4 e6 2. b3 d5 3. Bb2 Nf6 4. e5 Nfd7 5. f4 g6 6. Nf3 Bg7 7. Na3 b6 8. d4 a6
9. Be2 Bb7 10. O-O c5 11. c4 O-O 12. cxd5 exd5 13. f5 Nc6 14. Bd3 cxd4 15. e6
fxe6 16. fxg6 h6 17. g3 e5 18. Nh4 Nc5 19. Bf5 Bc8 20. Rc1 Qg5 21. Rxc5 bxc5
22. Bc1 Qd8 23. Qh5 Ra7 24. g4 Ne7 25. Bxh6 Bxh6 26. g7 Rxf5 27. gxf5 Nxf5 28.
Nxf5 Qg5+ 29. Qxg5 Bxg5 30. h4 Bxf5 31. Rxf5 Bc1 32. Nb1 Rxg7+ 33. Kf1 Be3 34.
Na3 d3 35. Rxe5 Rg1# 0-1

[Event "DEM U14 2013"]
[Site "Oberhof GER"]
[Date "2013.05.25"]
[Round "9"]
[White "Herzum, Peter"]
[Black "Kitze, Alexander"]
[Result "1-0"]
[Termination "normal"]
[Board "11"]
[WhiteElo "1882"]
[BlackElo "1992"]
[PlyCount "45"]
[WhiteFideId "12919217"]
[BlackFideId "12914827"]
[EventCountry "GER"]
[EventRounds "9"]
[EventType "swiss"]
[EventDate "2013.05.18"]

1. e4 c5 2. Nf3 d6 3. d4 cxd4 4. Nxd4 Nf6 5. Nc3 a6 6. g3 e6 7. Bg2 Nc6 8. Nxc6
bxc6 9. e5 Nd5 10. exd6 Bxd6 11. Ne4 Be7 12. O-O O-O 13. c4 Nb4 14. Qb3 a5 15.
a3 Na6 16. Rd1 Qc7 17. Qc3 f6 18. Be3 e5 19. c5 Be6 20. Nd6 Rfd8 21. b4 Rab8
22. Qd3 Bc8 23. Qc4+ 1-0

[Event "DEM U14 2013"]
[Site "Oberhof GER"]
[Date "2013.05.25"]
[Round "9"]
[White "Riehle, Marco"]
[Black "Mager, Denis"]
[Result "0-1"]
[Termination "normal"]
[Board "12"]
[WhiteElo "1876"]
[BlackElo "2006"]
[PlyCount "96"]
[WhiteFideId "12904392"]
[BlackFideId "24691127"]
[EventCountry "GER"]
[EventRounds "9"]
[EventType "swiss"]
[EventDate "2013.05.18"]

1. e4 c5 2. Nf3 Nc6 3. d4 cxd4 4. Nxd4 e5 5. Nb5 a6 6. Nd6+ Bxd6 7. Qxd6 Qe7 8.
Qd1 Nf6 9. Nc3 d6 10. Be2 Be6 11. O-O O-O 12. Bg5 Rfd8 13. Nd5 Bxd5 14. exd5
Nd4 15. Bd3 h6 16. Bxf6 Qxf6 17. Qg4 Qg5 18. Qxg5 hxg5 19. Rac1 e4 20. c3 exd3
21. cxd4 Rac8 22. Rcd1 Rc2 23. Rxd3 Rxb2 24. Rc1 Rxa2 25. h4 Ra5 26. hxg5 Rxd5
27. g6 fxg6 28. Rc7 b5 29. Re3 Kh7 30. Ra7 b4 31. Rxa6 Rxd4 32. Rh3+ Kg8 33.
Ra7 g5 34. Rb7 Rc8 35. Re3 Kh7 36. Ree7 Kg6 37. Rxg7+ Kf5 38. f3 Kf4 39. Rbf7+
Ke3 40. Rxg5 Rb8 41. Re7+ Kd2 42. Kf2 b3 43. Re2+ Kc3 44. Ra5 Rd2 45. Ra3 Rxe2+
46. Kxe2 Kc2 47. Ra6 b2 48. Rc6+ Kb3 0-1

[Event "DEM U14 2013"]
[Site "Oberhof GER"]
[Date "2013.05.25"]
[Round "9"]
[White "Ehmann, Thilo"]
[Black "Nothnagel, Marian Can"]
[Result "1-0"]
[Termination "normal"]
[Board "13"]
[WhiteElo "1878"]
[BlackElo "1785"]
[PlyCount "83"]
[WhiteFideId "12940968"]
[BlackFideId "12921530"]
[EventCountry "GER"]
[EventRounds "9"]
[EventType "swiss"]
[EventDate "2013.05.18"]

1. e4 c5 2. Nf3 e6 3. c4 d6 4. d4 cxd4 5. Nxd4 Nf6 6. Nc3 a6 7. Be2 Be7 8. O-O
b6 9. f3 Bb7 10. Be3 Nbd7 11. Rc1 O-O 12. a3 Qb8 13. Kh1 Bd8 14. Qd2 Bc7 15.
Bg1 Kh8 16. b4 Rg8 17. Nb3 g5 18. a4 Qd8 19. Ra1 g4 20. a5 gxf3 21. gxf3 Rc8
22. axb6 Nxb6 23. c5 Nbd7 24. Bxa6 Bxa6 25. Rxa6 Nh5 26. Bd4+ e5 27. Bf2 Qf6
28. Be1 Nf4 29. Nd5 Nxd5 30. exd5 Qf5 31. Bg3 Rg6 32. c6 Nf6 33. Nc1 Rcg8 34.
Ne2 Nh5 35. Qe1 Qh3 36. Rg1 Nxg3+ 37. Nxg3 Rxg3 38. Qxg3 Qxg3 39. hxg3 Rb8 40.
Rb1 Rb5 41. Ra7 Bb8 42. Rb7 1-0

[Event "DEM U14 2013"]
[Site "Oberhof GER"]
[Date "2013.05.25"]
[Round "9"]
[White "Scheinhütte, Jakob"]
[Black "Balazs, Balint"]
[Result "1-0"]
[Termination "normal"]
[Board "14"]
[WhiteElo "1722"]
[BlackElo "1857"]
[PlyCount "143"]
[WhiteFideId "24693944"]
[BlackFideId "12922757"]
[EventCountry "GER"]
[EventRounds "9"]
[EventType "swiss"]
[EventDate "2013.05.18"]

1. e4 d5 2. exd5 Qxd5 3. Nc3 Qa5 4. d4 Nf6 5. Nf3 Nc6 6. Be2 Bg4 7. O-O O-O-O
8. Be3 e5 9. d5 Nb4 10. Nxe5 Be6 11. Nc4 Qa6 12. Nb6+ Qxb6 13. Bxb6 axb6 14.
Bf3 Nbxd5 15. Nxd5 Nxd5 16. Bxd5 Bxd5 17. Qg4+ Kb8 18. Rfd1 Bc5 19. Rd2 Be6 20.
Rxd8+ Rxd8 21. Qg5 Rd5 22. Qxg7 Rd2 23. Qc3 Rxf2 24. Qxc5 Rxg2+ 25. Kxg2 bxc5
26. a3 b5 27. Kf3 Bf5 28. c3 Kb7 29. Kf4 Bg6 30. h4 Kc6 31. Ke5 c4 32. Rh1 Bh5
33. Kf6 Kd5 34. Re1 Kd6 35. Re5 Bf3 36. Rxb5 c5 37. Kxf7 h5 38. Kg6 Bg4 39. Kg5
Kd5 40. Rb6 Ke4 41. Rc6 Kd3 42. Rxc5 Be2 43. Rb5 Bd1 44. Rb4 Bb3 45. a4 Kc2 46.
a5 Kxb2 47. a6 Kxc3 48. a7 Kxb4 49. a8=Q Kc3 50. Qg2 Bc2 51. Qe2 Bd3 52. Qd1
Kb2 53. Qd2+ Bc2 54. Kf4 c3 55. Qd4 Bb3 56. Ke3 Bc2 57. Ke2 Kb3 58. Qc5 Kb2 59.
Ke1 Bb3 60. Qe5 Bc4 61. Qxh5 c2 62. Qe5+ Kb1 63. Qe4 Bb3 64. Kd2 Kb2 65. Qd4+
Kb1 66. Qc3 Ba4 67. Qb4+ Bb3 68. Qxb3+ Ka1 69. Qc3+ Ka2 70. Qxc2+ Ka1 71. Qa4+
Kb1 72. Kc3 1-0

[Event "DEM U14 2013"]
[Site "Oberhof GER"]
[Date "2013.05.25"]
[Round "9"]
[White "Goderbauer, Benedikt"]
[Black "Rinck, Michael"]
[Result "0-1"]
[Termination "normal"]
[Board "15"]
[WhiteElo "1738"]
[BlackElo "1820"]
[PlyCount "50"]
[WhiteFideId "12967467"]
[BlackFideId "24690104"]
[EventCountry "GER"]
[EventRounds "9"]
[EventType "swiss"]
[EventDate "2013.05.18"]

1. e4 e6 2. d4 d5 3. Nc3 Nf6 4. exd5 exd5 5. Bg5 c6 6. Qd2 Bd6 7. Bd3 O-O 8.
O-O-O b5 9. f3 Nbd7 10. Kb1 a5 11. h4 a4 12. g4 Qb6 13. h5 b4 14. Nce2 b3 15.
Bxf6 Nxf6 16. g5 Ne8 17. g6 h6 18. gxf7+ Rxf7 19. Nc3 Rb7 20. Qc1 Bf4 21. Qxf4
bxa2+ 22. Kc1 a1=Q+ 23. Kd2 Qaxb2 24. Rb1 Qxc3+ 25. Kxc3 Qa5+ 0-1